000 01058nam a2200277Ia 4500
003 OSt
005 20221005111023.0
006 a|||||r|||| 00| 0
007 ta
008 221004b |||||||| |||| 00| 0 hin d
020 _a9788171198276 (hbk)
_c400
024 _a15873
037 _bBR6203, 25/12/2014, Rajkamal Prakashan Pvt. Ltd.
_cTextual
040 _aCRL
_cCRL
_bhin
041 _2hin
_ahin
082 _aO155,3N56,NA, 152P3
100 _aलिंबाले, शरणकुमार
245 0 _aनरवानर
246 _aNaravānara
260 _aनई दिल्ली
_bराधाकृष्ण भारत
_c2010
300 _a171पृ0
_ccm.
650 _aमराठी साहित्य
700 _a ठकार, निशिकांत, अनु.
942 _hO155,3N56,NA, 152P3
_cTEXL
_2cc
999 _c1020572
_d1020572